Pays par soldats tués pendant la première guerre mondiale - Statistiques

Statistiques générales
  • Ce quiz a été pris 379 fois
  • Le résultat moyen est 14 sur 19
Statistiques - réponses
Nombres de morts Pays % Correct
2 000 000 Allemagne
100%
1 400 000 France
100%
1 900 000 Russie
98%
115 000 États Unis
95%
650 000 Italie
95%
1 100 000 Autriche-Hongrie
93%
900 000 Angleterre
87%
43 000 Belgique
86%
65 000 Canada
78%
14 000 Japon
78%
800 000 Empire Ottoman
75%
26 000 Grèce
65%
7 250 Portugal
62%
60 000 Australie
61%
450 000 Serbie
60%
250 000 Roumanie
57%
87 500 Bulgarie
47%
18 500 Nouvelle Zélande
42%
9 500 Afrique du Sud
23%
Aucun quiz correspondant
Distribution des résultats
% des personnes avec chaque résultat
Percentile par nombre de réponses
Votre historique - résultats
Vous n’avez pas pris ce quiz